Democracia de género: una propuesta para mujeres y hombres del siglo XXI /

Guardado en:
書目詳細資料
Autores Corporativos: Gomaris, Enrique, comp Meentzen, Ängela comp
格式: Texto
出版: San José: Fundación Heinrich Böll Stiftung. Fundación Género y Sociedad
主題:
標簽: 添加標簽
沒有標簽, 成為第一個標記此記錄!

MARC

LEADER 00000 a a2200000 04500
001 29377
003
040
020 |a 9968-829-07-2  
090 |a 192105  
110 |a Gomaris, Enrique  
245 |a Democracia de género: una propuesta para mujeres y hombres del siglo XXI /  |c Enrique Gomaris 
260 |a San José:   |b Fundación Heinrich Böll Stiftung. Fundación Género y Sociedad  
650 |a DERECHOS DE LA MUJER  
650 |a DISCRIMINACION BASADA EN EL GENERO  
650 |a PARTICIPACION DE LA MUJER  
650 |a IGUALDAD DE GENERO  
650 |a ANALISIS DE GENERO  
710 |a comp   |a Meentzen, Ängela   |a comp  
999 |c 15637  |d 15637